| 000 | 00657nam a2200217 4500 | ||
|---|---|---|---|
| 001 | 120468 | ||
| 003 | ES-MaACL | ||
| 005 | 20230906191546.0 | ||
| 007 | t| | ||
| 008 | 070214s1960 sp r ||||1| spa d | ||
| 080 | _a821.134.2-32"19" | ||
| 100 | 1 |
_aPitigrilli. _992411 |
|
| 245 | 1 | 3 |
_aEl farmacéutico a caballo : _bnovelas / _cPitigrilli [seud. de Dino Segre] ; traducción del italiano por Montserrat Sagarra. |
| 260 |
_aBarcelona : _bPlaneta, _c1960. |
||
| 300 |
_a263 p. ; _c19 cm. |
||
| 490 | 1 |
_aLuyve ; _v50 |
|
| 700 | 1 |
_aSagarra, Montserrat. _9101417 |
|
| 830 | 1 |
_aLuyve ; _v50 _9181395 |
|
| 852 | 4 |
_aES-MaACL _jC-18293 |
|
| 999 |
_c120468 _d120468 |
||